<?xml version="1.0" encoding="UTF-8"?>
<record
    xmlns:xsi="http://www.w3.org/2001/XMLSchema-instance"
    xsi:schemaLocation="http://www.loc.gov/MARC21/slim http://www.loc.gov/standards/marcxml/schema/MARC21slim.xsd"
    xmlns="http://www.loc.gov/MARC21/slim">

  <leader>03213nam a22003017a 4500</leader>
  <controlfield tag="003">OSt</controlfield>
  <controlfield tag="005">20210224165119.0</controlfield>
  <controlfield tag="008">210224s1984    ck ao||gr|||| 00| 0 spa d</controlfield>
  <datafield tag="020" ind1=" " ind2=" ">
    <subfield code="a">8489212104 </subfield>
    <subfield code="q">Obra completa</subfield>
  </datafield>
  <datafield tag="020" ind1=" " ind2=" ">
    <subfield code="a">848921333X </subfield>
    <subfield code="q">v. 1</subfield>
  </datafield>
  <datafield tag="020" ind1=" " ind2=" ">
    <subfield code="a">8489213348 </subfield>
    <subfield code="q">v. 2</subfield>
  </datafield>
  <datafield tag="020" ind1=" " ind2=" ">
    <subfield code="a">8489213356 </subfield>
    <subfield code="q">v. 3</subfield>
  </datafield>
  <datafield tag="020" ind1=" " ind2=" ">
    <subfield code="a">8489213364 </subfield>
    <subfield code="q">v. 4</subfield>
  </datafield>
  <datafield tag="040" ind1=" " ind2=" ">
    <subfield code="a">CO-JMCR</subfield>
    <subfield code="c">CO-JMCR</subfield>
  </datafield>
  <datafield tag="041" ind1="0" ind2=" ">
    <subfield code="a">spa</subfield>
  </datafield>
  <datafield tag="082" ind1="0" ind2="4">
    <subfield code="a">909 / </subfield>
    <subfield code="b">G984e</subfield>
    <subfield code="2">23</subfield>
  </datafield>
  <datafield tag="100" ind1="1" ind2=" ">
    <subfield code="a">Guti&#xE9;rrez S., Francisco, </subfield>
    <subfield code="e">autor</subfield>
    <subfield code="9">13925</subfield>
  </datafield>
  <datafield tag="245" ind1="1" ind2="0">
    <subfield code="a">Expediente negro / </subfield>
    <subfield code="c">Francisco Guti&#xE9;rrez S.</subfield>
  </datafield>
  <datafield tag="260" ind1=" " ind2=" ">
    <subfield code="a">Bogot&#xE1; : </subfield>
    <subfield code="b">Editorial Forja, </subfield>
    <subfield code="c">1984 impresi&#xF3;n</subfield>
  </datafield>
  <datafield tag="300" ind1=" " ind2=" ">
    <subfield code="a">4 vol&#xFA;menes : </subfield>
    <subfield code="b">ilustraciones y fotograf&#xED;as a blanco y negro ; </subfield>
    <subfield code="c">24 cm.</subfield>
  </datafield>
  <datafield tag="505" ind1="0" ind2=" ">
    <subfield code="a">v.1. El emperador Ner&#xF3;n -- La guerra de los Canudos -- El despojo de Panam&#xE1; -- El esp&#xED;a Cicer&#xF3;n -- La caldera de Stalingrado -- La mafia ; v. 2 Los Templarios -- El exterminio de los pieles-Rojas -- Richard Sorge, Campe&#xF3;n de esp&#xED;as -- Hiroshima -- La Cia -- El Bogotazo -- El esc&#xE1;ndalo del Banco Ambrosiano ; v. 3. Los Borgia -- Rasputin -- Al Capone -- Campos de concentraci&#xF3;n -- Esp&#xED;as ingleses de la KGB -- El asesinato de John Kennedy -- Banqueros acorralados en Colombia ; v. 4. El grillete de la esclavitud -- El Rey Enrique VIII -- El secreto de Mata Hari -- Sectas religiosas de EE.UU. -- La violencia en Colombia -- Watergate</subfield>
  </datafield>
  <datafield tag="520" ind1="3" ind2=" ">
    <subfield code="a">Se podria representar a la humanidad no como dice el conocido refr&#xE1;n "con el agua hasta el cuello" sino como "la maldad asfixi&#xE1;ndonos" y hasta transpirando por nuestros poros, tal como lo pone en evidencia este tomo, donde se relatan desde las "proezas" del emperador Ner&#xF3;n hasta los siniestros negocios de la mafia, asuntos todos escabrosos que han engrosado los folios de un proceso que reposa en el tribunal de la historia: el "expediente negro".
Si alguna enfermedad moral ha padecido la humanidad, &#xE9;sa ha sido la que pregonara Maquialvelo, o sea que "el fin justifica los medios", y es as&#xED; como, tal vez por querer alcanzar buenos fines, se ha echado mano de la maldad en todo el lapso que abarca desde los Templarios hasta el reciento esc&#xE1;ndalo del Banco Ambrosiano, -muy vinculado al propio Vaticano-, donde los millones "benditos" fueron a parar a manos de alguien que no tenia nada de santo.
En nuestro "expediente negro" tambien se hallan sumarios en los que se encuentran implicados personajes de las m&#xE1;s variadas costumbres y personalidades. En este tomo se detallan acontecimientos relevantes de un pu&#xF1;ado de aqu&#xE9;llos que, como los Borgia, Rasputin y A Capone, se han dejado seducir por la figura intangible de la maldad para cometer toda clase de ilicitos.
Como es cierto que para que triunfe el bien es indispensable que exista el mal, pareciera que la humanidad se ha empe&#xF1;ado en propagar la maldad en todas sus formas posibles; y observamos que eso sucedi&#xF3; desde los tiempos de la esclavitud de los negros hasta el esc&#xE1;ndalo de Watergate, donde se inici&#xF3; la ca&#xED;da del presidente de los Estados Unidos, Richard Nixon.</subfield>
  </datafield>
  <datafield tag="650" ind1="1" ind2="4">
    <subfield code="a">Historia universal</subfield>
    <subfield code="9">10609</subfield>
  </datafield>
  <datafield tag="650" ind1="2" ind2="4">
    <subfield code="a">Historia Moderna</subfield>
    <subfield code="y">Siglo XX</subfield>
    <subfield code="9">13926</subfield>
  </datafield>
  <datafield tag="650" ind1="2" ind2="4">
    <subfield code="a">Hombre y Maldad</subfield>
    <subfield code="9">13927</subfield>
  </datafield>
  <datafield tag="650" ind1="2" ind2="4">
    <subfield code="a">Violencia</subfield>
    <subfield code="x">historia</subfield>
    <subfield code="9">13928</subfield>
  </datafield>
  <datafield tag="942" ind1=" " ind2=" ">
    <subfield code="2">ddc</subfield>
    <subfield code="c">BK</subfield>
  </datafield>
  <datafield tag="999" ind1=" " ind2=" ">
    <subfield code="c">7324</subfield>
    <subfield code="d">7324</subfield>
  </datafield>
  <datafield tag="952" ind1=" " ind2=" ">
    <subfield code="0">0</subfield>
    <subfield code="1">0</subfield>
    <subfield code="2">ddc</subfield>
    <subfield code="4">0</subfield>
    <subfield code="7">0</subfield>
    <subfield code="8">NFIC</subfield>
    <subfield code="a">CPL</subfield>
    <subfield code="b">CPL</subfield>
    <subfield code="d">2020-10-02</subfield>
    <subfield code="e">Donaci&#xF3;n</subfield>
    <subfield code="l">7</subfield>
    <subfield code="o">909 /  G984e</subfield>
    <subfield code="p">201810580</subfield>
    <subfield code="r">2025-05-29 07:57:50</subfield>
    <subfield code="s">2025-05-28</subfield>
    <subfield code="t">V.1 / Ej.1</subfield>
    <subfield code="w">2021-02-24</subfield>
    <subfield code="y">BK</subfield>
  </datafield>
  <datafield tag="952" ind1=" " ind2=" ">
    <subfield code="0">0</subfield>
    <subfield code="1">0</subfield>
    <subfield code="2">ddc</subfield>
    <subfield code="4">0</subfield>
    <subfield code="7">0</subfield>
    <subfield code="8">NFIC</subfield>
    <subfield code="a">CPL</subfield>
    <subfield code="b">CPL</subfield>
    <subfield code="d">2020-10-02</subfield>
    <subfield code="e">Donaci&#xF3;n</subfield>
    <subfield code="l">0</subfield>
    <subfield code="o">909 /  G984e</subfield>
    <subfield code="p">201810579</subfield>
    <subfield code="r">2024-05-16 00:00:00</subfield>
    <subfield code="t">V.2 / Ej.1</subfield>
    <subfield code="w">2021-02-24</subfield>
    <subfield code="y">BK</subfield>
  </datafield>
  <datafield tag="952" ind1=" " ind2=" ">
    <subfield code="0">0</subfield>
    <subfield code="1">0</subfield>
    <subfield code="2">ddc</subfield>
    <subfield code="4">0</subfield>
    <subfield code="7">0</subfield>
    <subfield code="8">NFIC</subfield>
    <subfield code="a">CPL</subfield>
    <subfield code="b">CPL</subfield>
    <subfield code="d">2020-10-02</subfield>
    <subfield code="e">Donaci&#xF3;n</subfield>
    <subfield code="l">1</subfield>
    <subfield code="o">909 /  G984e</subfield>
    <subfield code="p">201810578</subfield>
    <subfield code="r">2024-05-16 00:00:00</subfield>
    <subfield code="s">2023-07-12</subfield>
    <subfield code="t">V.3 / Ej.1</subfield>
    <subfield code="w">2021-02-24</subfield>
    <subfield code="y">BK</subfield>
  </datafield>
  <datafield tag="952" ind1=" " ind2=" ">
    <subfield code="0">0</subfield>
    <subfield code="1">0</subfield>
    <subfield code="2">ddc</subfield>
    <subfield code="4">0</subfield>
    <subfield code="7">0</subfield>
    <subfield code="8">NFIC</subfield>
    <subfield code="a">CPL</subfield>
    <subfield code="b">CPL</subfield>
    <subfield code="d">2020-10-02</subfield>
    <subfield code="e">Donaci&#xF3;n</subfield>
    <subfield code="l">0</subfield>
    <subfield code="o">909 /  G984e</subfield>
    <subfield code="p">201810577</subfield>
    <subfield code="r">2024-05-16 00:00:00</subfield>
    <subfield code="t">V.4 / Ej.1</subfield>
    <subfield code="w">2021-02-24</subfield>
    <subfield code="y">BK</subfield>
  </datafield>
</record>
